MARC-detaljer
| 000 -LEADER |
| fixed length control field |
07059cam a2201405 4500 |
| 001 - CONTROL NUMBER |
| control field |
7150286 |
| 003 - CONTROL NUMBER IDENTIFIER |
| control field |
LIBRIS |
| 005 - DATE AND TIME OF LATEST TRANSACTION |
| control field |
20210318110732.0 |
| 008 - FIXED-LENGTH DATA ELEMENTS--GENERAL INFORMATION |
| fixed length control field |
011211s2000 sw |||||||||||000 0aswe| |
| 020 ## - INTERNATIONAL STANDARD BOOK NUMBER |
| International Standard Book Number |
9100571709 |
| Qualifying information |
INB. |
| Terms of availability |
351:00 |
| 035 ## - SYSTEM CONTROL NUMBER |
| System control number |
(Bo)295556 |
| 035 ## - SYSTEM CONTROL NUMBER |
| System control number |
(Mo)b1435543 |
| 040 ## - CATALOGING SOURCE |
| Original cataloging agency |
NB |
| 041 1# - LANGUAGE CODE |
| Language code of text/sound track or separate title |
swe |
| Language code of original |
eng |
| 082 04 - DEWEY DECIMAL CLASSIFICATION NUMBER |
| Classification number |
920.7 |
| Edition number |
22 (machine generated) |
| 084 ## - OTHER CLASSIFICATION NUMBER |
| Classification number |
Lz |
| 084 ## - OTHER CLASSIFICATION NUMBER |
| Classification number |
Lz McCourt, Frank |
| Number source |
kssb/6 |
| 084 ## - OTHER CLASSIFICATION NUMBER |
| Classification number |
Lz McCourt, Frank |
| Number source |
kssb/8 |
| 084 ## - OTHER CLASSIFICATION NUMBER |
| Classification number |
Lz |
| 084 ## - OTHER CLASSIFICATION NUMBER |
| Classification number |
Lz McCourt, Frank |
| Number source |
kssb/6 |
| 100 1# - MAIN ENTRY--PERSONAL NAME |
| Personal name |
McCourt, Frank |
| Relationship |
aut |
| Authority record control number or standard number |
https://libris.kb.se/42gjdfln4jl2t4t#it |
| 245 10 - TITLE STATEMENT |
| Title |
Lyckans land / |
| Statement of responsibility, etc. |
Frank McCourt ; översättning: Thomas Preis. |
| 264 #1 - PRODUCTION, PUBLICATION, DISTRIBUTION, MANUFACTURE, AND COPYRIGHT NOTICE |
| Place of production, publication, distribution, manufacture |
Stockholm : |
| Name of producer, publisher, distributor, manufacturer |
Bonnier, |
| Date of production, publication, distribution, manufacture, or copyright notice |
2000 |
| 264 #3 - PRODUCTION, PUBLICATION, DISTRIBUTION, MANUFACTURE, AND COPYRIGHT NOTICE |
| Place of production, publication, distribution, manufacture |
Falun : |
| Name of producer, publisher, distributor, manufacturer |
AIT Falun AB |
| 300 ## - PHYSICAL DESCRIPTION |
| Extent |
452, [1] s. |
| Dimensions |
24 cm |
| 340 ## - PHYSICAL MEDIUM |
| Dimensions |
24 cm |
| 500 ## - GENERAL NOTE |
| General note |
Även med tryckår: 66/75. tus., 2001; 76/85. tus., 2003 |
| 500 ## - GENERAL NOTE |
| Institution to which field applies |
Bo |
| General note |
Annan upplaga kan finnas vid biblioteket |
| 500 ## - GENERAL NOTE |
| Institution to which field applies |
Hib |
| General note |
reserverad |
| 500 ## - GENERAL NOTE |
| Institution to which field applies |
Mo |
| General note |
Orig:s titel: 'Tis |
| 500 ## - GENERAL NOTE |
| Institution to which field applies |
Mo |
| General note |
Angående författarens härmed sammanhängande verk se: Ängeln på sjunde trappsteget |
| 500 ## - GENERAL NOTE |
| Institution to which field applies |
Mo |
| General note |
svenska |
| 600 14 - SUBJECT ADDED ENTRY--PERSONAL NAME |
| Personal name |
McCourt, Frank |
| Authority record control number or standard number |
https://libris.kb.se/42gjdfln4jl2t4t#it |
| 600 14 - SUBJECT ADDED ENTRY--PERSONAL NAME |
| Personal name |
McCourt, Frank |
| 600 14 - SUBJECT ADDED ENTRY--PERSONAL NAME |
| Personal name |
McCourt, Frank |
| 653 ## - INDEX TERM--UNCONTROLLED |
| Uncontrolled term |
McCourt, Frank |
| 653 ## - INDEX TERM--UNCONTROLLED |
| Uncontrolled term |
Självbiografi |
| 655 #4 - INDEX TERM--GENRE/FORM |
| Institution to which field applies |
Mo |
| Genre/form data or focus term |
Bok |
| 698 ## - LOCAL SUBJECT ADDED ENTRY--MEETING NAME (RLIN) |
| Meeting name or jurisdiction name as entry element |
200014 |
| 887 ## - NON-MARC INFORMATION FIELD |
| Content of non-MARC field |
{"@id":"j1tpbnlv3q08bp4","modified":"2019-06-12T17:23:58.765+02:00","checksum":"69158692236"} |
| Source of data |
librisxl |
| 887 ## - NON-MARC INFORMATION FIELD |
| Content of non-MARC field |
{"@id":"6bhlxcdc37s7ldh","modified":"2018-06-05T10:59:42.632+02:00","checksum":"14670972476"} |
| Source of data |
librisxl |
| 887 ## - NON-MARC INFORMATION FIELD |
| Content of non-MARC field |
{"@id":"x28w9sw34cnrtz4","modified":"2014-04-01T10:46:14+02:00","checksum":"14791094137"} |
| Source of data |
librisxl |
| 887 ## - NON-MARC INFORMATION FIELD |
| Content of non-MARC field |
{"@id":"7cjmzdfd0g7fcz3","modified":"2018-06-05T10:59:42.635+02:00","checksum":"19820429932"} |
| Source of data |
librisxl |
| 887 ## - NON-MARC INFORMATION FIELD |
| Content of non-MARC field |
{"@id":"ns0zzj3t3d14lrd","modified":"2008-08-19T11:33:13+02:00","checksum":"23441135807"} |
| Source of data |
librisxl |
| 887 ## - NON-MARC INFORMATION FIELD |
| Content of non-MARC field |
{"@id":"9flp1ghg5t5vgv4","modified":"2017-02-08T09:42:03+01:00","checksum":"17611311798"} |
| Source of data |
librisxl |
| 887 ## - NON-MARC INFORMATION FIELD |
| Content of non-MARC field |
{"@id":"8dlf4vvf3xgknfn","modified":"2006-07-04T08:57:55+02:00","checksum":"25070971138"} |
| Source of data |
librisxl |
| 887 ## - NON-MARC INFORMATION FIELD |
| Content of non-MARC field |
{"@id":"frwcb3dfc9s6wxg5","modified":"2020-04-08T08:41:24.978+02:00","checksum":"20598568839"} |
| Source of data |
librisxl |
| 887 ## - NON-MARC INFORMATION FIELD |
| Content of non-MARC field |
{"@id":"djps4klk29kkw8g","modified":"2018-06-05T10:59:42.644+02:00","checksum":"12283810591"} |
| Source of data |
librisxl |
| 887 ## - NON-MARC INFORMATION FIELD |
| Content of non-MARC field |
{"@id":"fkqt5lml5lrh3gw","modified":"2017-06-01T11:03:19+02:00","checksum":"16172676918"} |
| Source of data |
librisxl |
| 887 ## - NON-MARC INFORMATION FIELD |
| Content of non-MARC field |
{"@id":"dpc5l453bb0tbpvf","modified":"2019-04-01T12:14:11.208+02:00","checksum":"28123877691"} |
| Source of data |
librisxl |
| 887 ## - NON-MARC INFORMATION FIELD |
| Content of non-MARC field |
{"@id":"glrv6mnm30qjqxp","modified":"2018-01-09T17:21:06+01:00","checksum":"15858441929"} |
| Source of data |
librisxl |
| 887 ## - NON-MARC INFORMATION FIELD |
| Content of non-MARC field |
{"@id":"9fmrwnng1ssvczw","modified":"2010-05-12T09:16:08+02:00","checksum":"20037275551"} |
| Source of data |
librisxl |
| 887 ## - NON-MARC INFORMATION FIELD |
| Content of non-MARC field |
{"@id":"jntx8pqp3dmspfx","modified":"2018-06-05T10:59:42.652+02:00","checksum":"17962673777"} |
| Source of data |
librisxl |
| 887 ## - NON-MARC INFORMATION FIELD |
| Content of non-MARC field |
{"@id":"kpvz9qrq09g4tvd","modified":"2018-06-05T10:59:42.654+02:00","checksum":"16659314471"} |
| Source of data |
librisxl |
| 887 ## - NON-MARC INFORMATION FIELD |
| Content of non-MARC field |
{"@id":"w169m2420vm53f5","modified":"2003-06-06T13:37:43+02:00","checksum":"16900493686"} |
| Source of data |
librisxl |
| 887 ## - NON-MARC INFORMATION FIELD |
| Content of non-MARC field |
{"@id":"lqw0brsr2sqcx4v","modified":"2018-06-05T10:59:42.657+02:00","checksum":"15277175022"} |
| Source of data |
librisxl |
| 887 ## - NON-MARC INFORMATION FIELD |
| Content of non-MARC field |
{"@id":"mrx1csts58073q1","modified":"2018-06-05T10:59:42.659+02:00","checksum":"22080529239"} |
| Source of data |
librisxl |
| 887 ## - NON-MARC INFORMATION FIELD |
| Content of non-MARC field |
{"@id":"nsz2dtvt3d2lbmf","modified":"2002-10-31T14:14:40+01:00","checksum":"23579107280"} |
| Source of data |
librisxl |
| 887 ## - NON-MARC INFORMATION FIELD |
| Content of non-MARC field |
{"@id":"pt03fvwv07gdz81","modified":"2018-06-05T10:59:42.664+02:00","checksum":"17993468983"} |
| Source of data |
librisxl |
| 887 ## - NON-MARC INFORMATION FIELD |
| Content of non-MARC field |
{"@id":"qv14gwxw2vv41hf","modified":"2018-06-05T10:59:42.667+02:00","checksum":"20492234194"} |
| Source of data |
librisxl |
| 887 ## - NON-MARC INFORMATION FIELD |
| Content of non-MARC field |
{"@id":"sx36jz0z3jlcx56","modified":"2008-12-03T16:26:26+01:00","checksum":"27330721024"} |
| Source of data |
librisxl |
| 887 ## - NON-MARC INFORMATION FIELD |
| Content of non-MARC field |
{"@id":"z39q8sr41cprxxn","modified":"2012-06-25T11:18:47+02:00","checksum":"26151525072"} |
| Source of data |
librisxl |
| 887 ## - NON-MARC INFORMATION FIELD |
| Content of non-MARC field |
{"@id":"tz47k0204lh21mp","modified":"2018-06-05T10:59:42.672+02:00","checksum":"21954296903"} |
| Source of data |
librisxl |
| 887 ## - NON-MARC INFORMATION FIELD |
| Content of non-MARC field |
{"@id":"6bjmcxfc3vd5n4k","modified":"2013-07-31T11:31:27+02:00","checksum":"19694611732"} |
| Source of data |
librisxl |
| 887 ## - NON-MARC INFORMATION FIELD |
| Content of non-MARC field |
{"@id":"fkrq5csl3z00d5s","modified":"2008-09-19T10:25:43+02:00","checksum":"38072759749"} |
| Source of data |
librisxl |
| 900 1s - EQUIVALENCE OR CROSS-REFERENCE-PERSONAL NAME [LOCAL, CANADA] |
| Linkage |
100,600 |
| Affiliation |
McCourt, Frank |
| 900 1s - EQUIVALENCE OR CROSS-REFERENCE-PERSONAL NAME [LOCAL, CANADA] |
| Linkage |
100,600 |
| Affiliation |
McCourt, Frank |
| 942 ## - ADDED ENTRY ELEMENTS (KOHA) |
| Source of classification or shelving scheme |
Other/Generic Classification Scheme |
| Koha item type |
Bok |